<?xml version="1.0" encoding="UTF-8"?>
<collection xmlns="http://www.loc.gov/MARC21/slim">
 <record>
  <leader>01768nam a2200229Ia 4500</leader>
  <controlfield tag="001">CTU_60389</controlfield>
  <controlfield tag="008">210402s9999    xx            000 0 und d</controlfield>
  <datafield tag="020" ind1=" " ind2=" ">
   <subfield code="b">128000</subfield>
  </datafield>
  <datafield tag="020" ind1=" " ind2=" ">
   <subfield code="c">48000</subfield>
  </datafield>
  <datafield tag="082" ind1=" " ind2=" ">
   <subfield code="a">782.42</subfield>
  </datafield>
  <datafield tag="082" ind1=" " ind2=" ">
   <subfield code="b">B369</subfield>
  </datafield>
  <datafield tag="110" ind1=" " ind2=" ">
   <subfield code="a">The Beatltes</subfield>
  </datafield>
  <datafield tag="245" ind1=" " ind2="4">
   <subfield code="a">The best Beatltes collection</subfield>
  </datafield>
  <datafield tag="245" ind1=" " ind2="4">
   <subfield code="c">The Beatltes ; Nguyễn Văn Phước [et.al] [Tập hợp giới thiệu]</subfield>
  </datafield>
  <datafield tag="260" ind1=" " ind2=" ">
   <subfield code="a">Thành phố Hồ Chí Minh</subfield>
  </datafield>
  <datafield tag="260" ind1=" " ind2=" ">
   <subfield code="b">Trẻ</subfield>
  </datafield>
  <datafield tag="260" ind1=" " ind2=" ">
   <subfield code="c">2004</subfield>
  </datafield>
  <datafield tag="520" ind1=" " ind2=" ">
   <subfield code="a">Sách gồm 2 phần chính: phần đầu là các bài viết tổng hợp về các giai đoạn phát triển sự nghiệp của ban nhạc. Đặc biệt có những bài viết về John Lennon, thành viên nổi bật nhất của The Beatles, với nhiều bài bình luận, phân tích cuộc đời, sự nghiệp, tài năng, những mối quan hệ cùng cái chết định mệnh của John. Phần hai tuyển tập chọn lọc những tác phẩm của ban nhạc với hơn 160 ca khúc. Các bài hát được giới thiệu với đầy đủ khuông nhạc, hợp âm, thế bấm guitar và ca từ. Gần như toàn bộ các đĩa ghi âm mà The Beatles đã phát hành đều được trình bày trong phần này. Kèm theo sách là một bộ gồm 4 đĩa CD - Audio mang đến hơn 80 ca khúc của nhóm và 20 ca khúc của nghệ sĩ - nhà sáng tác John Lennon  thực hiện riêng sau khi ban nhạc tan rã</subfield>
  </datafield>
  <datafield tag="650" ind1=" " ind2=" ">
   <subfield code="a">Songs</subfield>
  </datafield>
  <datafield tag="650" ind1=" " ind2=" ">
   <subfield code="x">Collections</subfield>
  </datafield>
  <datafield tag="904" ind1=" " ind2=" ">
   <subfield code="i">Minh, H.Mai</subfield>
  </datafield>
  <datafield tag="980" ind1=" " ind2=" ">
   <subfield code="a">Trung tâm Học liệu Trường Đại học Cần Thơ</subfield>
  </datafield>
 </record>
</collection>
